000 002620000a22000970004500
100 1 _aGrosser, Susan
245 1 0 _aFirst get to know God, then his will
300 _aVol. 72, Num 2 (Abril-Junio, 1992), Página 4
773 0 _tLatin America Evangelist
942 _cANA
999 _c54616
_d54616